| 000 | 00365nam a2200133 a 4500 | ||
|---|---|---|---|
| 001 | 4981 | ||
| 003 | CDMR | ||
| 005 | 20130116135303.0 | ||
| 008 | 130130s1998||||||||||||||||||||||||||||d | ||
| 040 |
_aCDMR _bcat _cCDMR |
||
| 245 | 0 | _aLLibre del Fòrum Mundial de la TV Infantil 1997 | |
| 260 |
_aBarcelona _c1998 _bObservatori Europeu de la Televisió Infantil |
||
| 942 | _cMON | ||
| 999 |
_c4981 _d4981 |
||